<?xml version="1.0" encoding="UTF-8"?>
<record
    xmlns:xsi="http://www.w3.org/2001/XMLSchema-instance"
    xsi:schemaLocation="http://www.loc.gov/MARC21/slim http://www.loc.gov/standards/marcxml/schema/MARC21slim.xsd"
    xmlns="http://www.loc.gov/MARC21/slim">

  <leader>02201nam a22001697a 4500</leader>
  <controlfield tag="008">150717b        xxu||||| |||| 00| 0 eng d</controlfield>
  <datafield tag="020" ind1=" " ind2=" ">
    <subfield code="a">9781844801282</subfield>
  </datafield>
  <datafield tag="050" ind1=" " ind2=" ">
    <subfield code="a">HF5691.F69</subfield>
  </datafield>
  <datafield tag="100" ind1=" " ind2=" ">
    <subfield code="a">FRANCIS, Andre.</subfield>
  </datafield>
  <datafield tag="245" ind1=" " ind2=" ">
    <subfield code="a">Business mathematics and statistics. /</subfield>
    <subfield code="c">Andre Francis.</subfield>
  </datafield>
  <datafield tag="250" ind1=" " ind2=" ">
    <subfield code="a">6th ed.</subfield>
  </datafield>
  <datafield tag="260" ind1=" " ind2=" ">
    <subfield code="a">Hampshire: </subfield>
    <subfield code="b">South WesternCengage Learning,</subfield>
    <subfield code="c">2004.</subfield>
  </datafield>
  <datafield tag="300" ind1=" " ind2=" ">
    <subfield code="a">vi, 666p.:</subfield>
    <subfield code="b">ills.;</subfield>
    <subfield code="c">25cm.</subfield>
  </datafield>
  <datafield tag="500" ind1=" " ind2=" ">
    <subfield code="a">Includes index.</subfield>
  </datafield>
  <datafield tag="505" ind1=" " ind2=" ">
    <subfield code="a">Contents: Introduction to business mathematics and statistics -- Data and their representation: Sampling and data collection -- Data and their accuracy -- Frequency distributions and charts -- General charts and graphs -- Examination questions -- Statistical measures: Arithmetic mean -- Median -- Mode and other measures of location -- Measures of dispersion and skewness -- Standard deviation -- Quantiles and the quartile deviation -- Examination example and questions -- Regression and correlation: Linear functions and graphs -- Regression techniques -- Correlation techniques -- Examination examples and questions -- Time series and analysis -- Time series model -- Time series trend -- Seasonal variation and forecasting -- Examination example and questions -- Index numbers: Index relatives -- Composite index numbers -- Special published indices -- Examination questions -- Compounding, discounting and annuities: Interest and depreciation -- Present value and investment appraisal -- Annuities -- Examination examples and questions -- Business equations and graphs: Functions and graphs -- Linear equations -- Quadratic and cubic equations -- Differentiation and integration -- Cost, revenue and profit functions -- examination examples and questions -- Probability: Set theory and enumeration -- Introduction to probability -- Conditional probability and expectation -- Examination examples and questions -- Further probability: Combinations and permutations -- Binomial and poisson distributions - Normal distribution -- Examination example and questions -- Specialised business applications: Linear inequalities -- Matrices -- Inventory control -- Network planning and analysis -- Examination example and questions.</subfield>
  </datafield>
  <datafield tag="942" ind1=" " ind2=" ">
    <subfield code="2">lcc</subfield>
    <subfield code="c">BK</subfield>
  </datafield>
  <datafield tag="999" ind1=" " ind2=" ">
    <subfield code="c">5648</subfield>
    <subfield code="d">13148</subfield>
  </datafield>
  <datafield tag="952" ind1=" " ind2=" ">
    <subfield code="0">0</subfield>
    <subfield code="1">0</subfield>
    <subfield code="2">lcc</subfield>
    <subfield code="4">0</subfield>
    <subfield code="7">0</subfield>
    <subfield code="a">WIUC-1</subfield>
    <subfield code="b">WIUC-1</subfield>
    <subfield code="c">REF</subfield>
    <subfield code="d">2015-07-17</subfield>
    <subfield code="l">0</subfield>
    <subfield code="o">HF5691.F691</subfield>
    <subfield code="p">7967/394/15</subfield>
    <subfield code="r">2015-07-17 00:00:00</subfield>
    <subfield code="t">2</subfield>
    <subfield code="w">2015-07-17</subfield>
    <subfield code="y">BK</subfield>
  </datafield>
  <datafield tag="952" ind1=" " ind2=" ">
    <subfield code="0">0</subfield>
    <subfield code="1">0</subfield>
    <subfield code="2">lcc</subfield>
    <subfield code="4">0</subfield>
    <subfield code="7">0</subfield>
    <subfield code="a">WIUC-1</subfield>
    <subfield code="b">WIUC-1</subfield>
    <subfield code="c">REF</subfield>
    <subfield code="d">2015-07-17</subfield>
    <subfield code="l">0</subfield>
    <subfield code="o">HF5691.F69</subfield>
    <subfield code="p">7346/371/13</subfield>
    <subfield code="r">2015-07-17 00:00:00</subfield>
    <subfield code="t">1</subfield>
    <subfield code="w">2015-07-17</subfield>
    <subfield code="y">BK</subfield>
  </datafield>
</record>
